Latest Malaysian investment incentives

Bibliographic Details
Main Author: Yong Poh Chye
Format: Book
Published: Petaling Jaya : Longman , 1988
Subjects:

MARC

LEADER 00000cam a2200000 7i4500
001 0000000996
005 20150707.0
020 |a 9679762076 
040 |a INS 
090 0 0 |a HJ2950.6.   |b Y67 1988 
100 1 |a Yong Poh Chye 
245 1 0 |a Latest Malaysian investment incentives   |c Yong Poh Chye 
260 |a Petaling Jaya :   |b Longman ,   |c 1988 
300 |a 172p. ;   |c 23 cm. 
650 0 0 |a Incentive in industry   |z Malaysia 
999 |a 0000003240   |b BOOK   |c Open Shelf   |e Default branch 
999 |a 0000021991   |b BOOK   |c Open Shelf   |e Default branch